01258nam a22003017a 4500003000400000005001700004008004100021040002200062082001500084100003200099245005800131260005300189300002000242366000800262490001200270505006300282505019500345505003700540505004100577505004100618650004400659650004600703650004300749650004300792650004100835650004400876700003600920OSt20230608111205.0221006b |||||||| |||| 00| 0 eng d cBiblioteca Lado V a800bG984r aGutierrez, Rafaeledirector aRevista de la Universidad de San Carlos de Guatemala/ aImpreso en Litografía Llerenac2006bGuatemala c21.5x27cma85p. espa a1v2006 tDebateaSevero Martinez Peláez y Carlos Guzman Bockler  tEnsayosaLa sociedad civil: una reflexión teórica Cine, beneficencia y censura Tarde es temprano para nosotros La evolución del libro Curaduría, compromiso y redención social  tLetrasaPoemas Relato Relato  tArteaEl universo de Francisco Tun  tComentariosaEl trueno en la ciudad  2Tesauro de Arte & ArquitecturaaENSAYOS 2Tesauro de Arte & ArquitecturaaNARRATIVA 2Tesauro de Arte & ArquitecturaaDEBATE 2Tesauro de Arte & ArquitecturaaPOESIA 2Tesauro de Arte & ArquitecturaaARTE 2Tesauro de Arte & ArquitecturaaCULTURA aNavarreta, Jose Antonioeeditor